000 00289nam a22001217a 4500
008 180517b xxu||||| |||| 00| 0 eng d
041 _aeng
080 _a043.3
100 _a0
101 _aSHKI-BA
245 _aAnaliza Forenzike e Regjistrit te Windows-it
_cJashari, A
942 _2udc
_cBK
999 _c45892
_d45892